Fish or amphibian? - Statistics

General Stats
  • This quiz has been taken 4 times
  • The average score is 11 of 15
Answer Stats
Question Answer % Correct
frog amphibian
100%
Surinam horned toad amphibian
100%
halibut fish
100%
Moray eel fish
100%
orca neither
100%
Dolphin neither
100%
Olm amphibian
75%
Amphiumas amphibian
75%
Lumpsucker fish
75%
Tang fish
75%
Platypus neither
75%
Mudpuppy amphibian
50%
Alligator gar fish
50%
hellbender Amphibian
25%
Horny toad neither
25%
No matching quizzes found
Score Distribution
Percent of People with Each Score
Percentile by Number Answered
Your Score History
You have not taken this quiz